000 00516nam a2200217Ia 4500
003 OSt
005 20251003112107.0
008 210210b2000 xxu||||| |||| 00| 0 eng d
020 _a8173710953
040 _cAL
041 _aeng
082 _a530 MUKI
100 _aMukunda N
_9241257
245 _aImages of twentieth century physics
260 _aIndia
_bUniversities Press
_c2000
300 _aix,123p
650 _atwentieth
_9241258
690 _aPhysics
_9241259
906 _a065493
942 _2ddc
_cBK
999 _c142945
_d142945